000 00437cam a2200181ua 4500
020 _c15.00
041 _aeng
_h
082 _a294.5924
_bRAD/BH
100 _aRadhakrishnan, S .
245 _aBhagavadgita /
_cS.Radhakrishnan.
_hTextual Documents
250 _a2 /
_b.
260 _aLondon :
_bGeorge Allen & Unwin Ltd ,
_c1960.
300 _a388 ; .
365 _a15.00
504 _a
942 _cBK
999 _c1896
_d1896